000 00733nam a2200253 a 4500
001 000029340
003 DO-SdBNP
005 20240624093727.0
007 ta
008 240624s1974 dr 000 0 spa d
040 _aDO-SdBNP
_bspa
_cBNPHU
_erda
082 4 _bI399
_222
245 0 0 _aÍndice de análes de la Universidad de Santo Domingo (año 1958 a 1960).
264 _aSanto Domingo :
_bUASD,
_c1974.
300 _a16 paginas. ;
_c24 cm.
336 _2rdacontent
_atexto
_btxt
337 _2rdamedia
_asin mediación
_bn
338 _2rdacarrier
_avolumen
_bnc
490 1 _aPublicaciones de la Universidad de Santo Domingo
_v191
590 _aInventariado, 2024/DG
830 _956218
910 _aDG
942 _2ddc
_cLF2
999 _c56933
_d56933